[Event "ROM-ch U16 Girls"]
[Site "Baile Felix"]
[Date "2017.02.08"]
[Round "8"]
[White "Aciu, Malina Andreea"]
[Black "Simion, Adela Maria"]
[Result "1-0"]
[WhiteElo "1971"]
[BlackElo "1360"]
[PlyCount "64"]
[EventDate "2017.02.02"]
[EventType "swiss"]
[EventRounds "9"]
[EventCountry "ROU"]
[SourceTitle "CBM 176 Extra"]
[Source "ChessBase"]
[SourceDate "2017.03.02"]
[SourceVersion "1"]
[SourceVersionDate "2017.03.02"]
[SourceQuality "1"]

1. e4 e5 2. Nf3 Nf6 3. Nxe5 Qe7 4. d4 d6 5. Nf3 Nxe4 6. Be2 Bg4 7. 0-0 g6 8. Re1 Bg7 9. h3 Bf5 10. Nc3 Nxc3 11. Bb5+ Kd8 12. bxc3 Be6 13. Bg5 f6 14. d5 fxg5 15. Rxe6 Qf7 16. Nxg5 Qf5 17. Qe2 Be5 18. f4 Qxf4 19. Rxe5 dxe5 20. Ne6+ Kc8 21. Nxf4 c6 22. Qxe5 Rd8 23. dxc6 Nxc6 24. Bxc6 bxc6 25. Rb1 Rd7 26. Qe8+ Kc7 27. Qxa8 Rd8 28. Rb7+ Kd6 29. Qxd8+ Ke5 30. Qd4+ Kf5 31. Rf7+ Kg5 32. Qf6+ Kh6 1-0

[Event "ROM-ch U14 Girls"]
[Site "Calimanesti Caciulata"]
[Date "2016.04.23"]
[Round "7"]
[White "Simion, Adela Maria"]
[Black "Lacraru, Karina Ioana"]
[Result "1/2-1/2"]
[WhiteElo "1368"]
[BlackElo "1387"]
[PlyCount "40"]
[EventDate "2016.04.18"]
[EventType "swiss"]
[EventRounds "9"]
[EventCountry "ROU"]
[SourceTitle "CBM 172 Extra"]
[Source "ChessBase"]
[SourceDate "2016.06.21"]
[SourceVersion "1"]
[SourceVersionDate "2016.06.21"]
[SourceQuality "1"]

1. e4 c5 2. Nc3 e6 3. d4 b6 4. g3 Bb7 5. d5 exd5 6. Nxd5 Ne7 7. Bg2 Nxd5 8. exd5 d6 9. c4 Be7 10. Nh3 0-0 11. 0-0 Nd7 12. Qg4 Bf6 13. Bg5 Ne5 14. Qf5 Bxg5 15. Nxg5 g6 16. Qf4 h6 17. Ne4 g5 18. Nf6+ Kg7 19. Nh5+ Kg8 20. Qf5 Ng6 1/2-1/2

[Event "ROM-ch U14 Girls"]
[Site "Calimanesti Caciulata"]
[Date "2016.04.21"]
[Round "5"]
[White "Simion, Adela Maria"]
[Black "Trifoi, Mihaela Ioana"]
[Result "0-1"]
[WhiteElo "1368"]
[BlackElo "1668"]
[PlyCount "60"]
[EventDate "2016.04.18"]
[EventType "swiss"]
[EventRounds "9"]
[EventCountry "ROU"]
[SourceTitle "CBM 172 Extra"]
[Source "ChessBase"]
[SourceDate "2016.06.21"]
[SourceVersion "1"]
[SourceVersionDate "2016.06.21"]
[SourceQuality "1"]

1. e4 c6 2. d4 d5 3. e5 Bf5 4. f4 e6 5. Be3 Nd7 6. Nf3 h6 7. Be2 a6 8. Nc3 c5 9. Na4 cxd4 10. Qxd4 Bxc2 11. Rc1 Bxa4 12. Qxa4 b5 13. Qc2 Bb4+ 14. Nd2 Ne7 15. 0-0 Bxd2 16. Qxd2 0-0 17. Bf3 Rc8 18. Qd3 Nf5 19. Bf2 Rxc1 20. Rxc1 Qb8 21. g4 Ne7 22. Qa3 Ng6 23. Qxa6 Nxf4 24. Bg3 Nxe5 25. Bd1 Neg6 26. Qa3 Rc8 27. Qe3 Rxc1 28. Qxc1 Qb6+ 29. Kh1 Nd3 30. Qc2 Qd4 0-1

[Event "ROM-ch U12 Girls"]
[Site "Calimanesti"]
[Date "2014.04.09"]
[Round "5"]
[White "Azamfirei, Smaranda Georgiana"]
[Black "Simion, Adela Maria"]
[Result "1-0"]
[WhiteElo "1438"]
[BlackElo "1184"]
[PlyCount "47"]
[EventDate "2014.04.06"]
[EventType "swiss"]
[EventRounds "9"]
[EventCountry "ROU"]
[SourceTitle "CBM 160 Extra"]
[Source "ChessBase"]
[SourceDate "2014.07.01"]
[SourceVersion "1"]
[SourceVersionDate "2014.07.01"]
[SourceQuality "1"]

1. d4 e6 2. Nf3 Nf6 3. g3 Be7 4. Bg2 0-0 5. 0-0 Nc6 6. c4 d5 7. Nbd2 dxc4 8. Nxc4 b5 9. Nfe5 Nd5 10. Nxc6 Qd7 11. N4e5 Qd6 12. e4 Nb6 13. Bf4 Bb7 14. Ng6 Qxc6 15. Nxe7+ Kh8 16. Nxc6 Bxc6 17. Rc1 Bb7 18. Rxc7 Ba6 19. Qg4 Nc4 20. b3 Nb2 21. Be5 Rg8 22. Rxf7 b4 23. Bxg7+ Rxg7 24. Qxg7# 1-0

[Event "ROM-ch U12 Girls"]
[Site "Calimanesti"]
[Date "2013.04.05"]
[Round "6"]
[White "Simion, Adela Maria"]
[Black "Banzea, Izabela Georgeta"]
[Result "1/2-1/2"]
[WhiteElo "1124"]
[BlackElo "1147"]
[PlyCount "59"]
[EventDate "2013.04.02"]
[EventType "swiss"]
[EventRounds "9"]
[EventCountry "ROU"]
[SourceTitle "CBM 153 Extra"]
[Source "ChessBase"]
[SourceDate "2013.04.22"]
[SourceVersion "1"]
[SourceVersionDate "2013.04.22"]
[SourceQuality "1"]

1. e4 e5 2. Nf3 Nc6 3. Bc4 Be7 4. 0-0 Nf6 5. d3 h6 6. Be3 d6 7. h3 Be6 8. Bb3 Qd7 9. Nc3 g5 10. Bxe6 Qxe6 11. d4 exd4 12. Nxd4 Nxd4 13. Qxd4 Rg8 14. Nb5 Bd8 15. Qa4 c6 16. Nd4 Qxe4 17. Rfe1 Be7 18. f3 Qg6 19. g4 h5 20. Nf5 hxg4 21. fxg4 Rh8 22. Bxa7 Ng8 23. Qd4 Rxh3 24. Nxd6+ Kf8 25. Nf5 Rd8 26. Nxe7 Rg3+ 27. Kf1 Rf3+ 28. Kg1 Rg3+ 29. Kf1 Rf3+ 30. Kg1 1/2-1/2

[Event "ROM-ch U12 Girls"]
[Site "Calimanesti"]
[Date "2013.04.04"]
[Round "4"]
[White "Simion, Adela Maria"]
[Black "Panescu, Angelina Gabriela"]
[Result "1-0"]
[WhiteElo "1124"]
[BlackElo "1216"]
[PlyCount "145"]
[EventDate "2013.04.02"]
[EventType "swiss"]
[EventRounds "9"]
[EventCountry "ROU"]
[SourceTitle "CBM 153 Extra"]
[Source "ChessBase"]
[SourceDate "2013.04.22"]
[SourceVersion "1"]
[SourceVersionDate "2013.04.22"]
[SourceQuality "1"]

1. e4 c5 2. Be2 d6 3. Nf3 Nf6 4. d3 g6 5. 0-0 Bg7 6. Nc3 0-0 7. Be3 Nc6 8. Qc1 d5 9. Nxd5 Nxd5 10. exd5 Qxd5 11. Bh6 Qd6 12. Bxg7 Kxg7 13. b3 Bd7 14. Nh4 Qf6 15. g3 Nd4 16. Qd2 Nxe2+ 17. Qxe2 Rfe8 18. a3 Bh3 19. Rfe1 Rad8 20. Qe5 Qxe5 21. Rxe5 b6 22. Rae1 e6 23. Nf3 f6 24. R5e3 Bg4 25. Nh4 e5 26. f4 Bh3 27. fxe5 fxe5 28. Rxe5 Rxe5 29. Rxe5 Rf8 30. Re1 g5 31. Ng2 Rf7 32. b4 cxb4 33. axb4 Rc7 34. c4 Rd7 35. Rd1 Bf5 36. d4 Kf7 37. c5 bxc5 38. bxc5 Be4 39. Ne3 Ke6 40. Kf2 a5 41. Nc4 a4 42. Ke3 Bd5 43. Nb6 Ra7 44. Nxd5 Kxd5 45. Kd3 a3 46. Kc3 Rb7 47. Ra1 Rb2 48. Rxa3 Rxh2 49. Ra6 Rh3 50. Rd6+ Ke4 51. c6 Rxg3+ 52. Kc4 Rf3 53. c7 Rf8 54. Rd8 Rf1 55. Re8+ Kf3 56. Rf8+ Kg2 57. Rxf1 Kxf1 58. c8Q Kg1 59. Qg4+ Kh1 60. Qxg5 Kh2 61. d5 Kh1 62. Qh6+ Kg1 63. d6 Kg2 64. d7 Kg1 65. d8R Kg2 66. Rd2+ Kg3 67. Qh2+ Kg4 68. Rd4+ Kf3 69. Qh3+ Ke2 70. Qd3+ Kf2 71. Rf4+ Ke1 72. Kc3 h5 73. Qf1# 1-0

[Event "ROM-ch U12 Girls"]
[Site "Calimanesti"]
[Date "2013.04.03"]
[Round "3"]
[White "Nistor, Valentina"]
[Black "Simion, Adela Maria"]
[Result "1-0"]
[WhiteElo "1488"]
[BlackElo "1124"]
[PlyCount "65"]
[EventDate "2013.04.02"]
[EventType "swiss"]
[EventRounds "9"]
[EventCountry "ROU"]
[SourceTitle "CBM 153 Extra"]
[Source "ChessBase"]
[SourceDate "2013.04.22"]
[SourceVersion "1"]
[SourceVersionDate "2013.04.22"]
[SourceQuality "1"]

1. e4 e5 2. Nf3 Nf6 3. Nc3 d6 4. Bc4 Be7 5. d4 0-0 6. dxe5 dxe5 7. Qxd8 Rxd8 8. Nxe5 Be6 9. Bxe6 fxe6 10. 0-0 Bb4 11. Nb5 Bd6 12. Nd3 Nxe4 13. Re1 Nc5 14. Nxc5 Bxc5 15. Nxc7 Bb4 16. c3 Ba5 17. Nxa8 e5 18. Bg5 Rd2 19. Bxd2 Nc6 20. Rad1 h6 21. c4 Bxd2 22. Rxd2 Na5 23. b3 Nc6 24. Rd7 Kh7 25. Rxb7 h5 26. Nc7 g6 27. Ne6+ Kh6 28. Rc7 Nd4 29. Nxd4 exd4 30. f4 h4 31. Ree7 g5 32. f5 d3 33. Rh7# 1-0